logo

Bir Sreshtho Munshi Abdur Rouf Library
Jhenaidah Cadet College

আন্তর্জাতিক আইন পরিভাষা-কোষ / (Record no. 4082)

MARC details
000 -LEADER
fixed length control field 00744nam a2200205 a 4500
001 - CONTROL NUMBER
JCCL Control Number 4082
003 - CONTROL NUMBER IDENTIFIER
JCCL marc code BD-JhCC
005 - DATE AND TIME OF LATEST TRANSACTION
control field 20171122192715.0
008 - FIXED-LENGTH DATA ELEMENTS--GENERAL INFORMATION
fixed length control field 171120s1970 bg |||| |||| 000 0 ben d
035 ## - SYSTEM CONTROL NUMBER
system control number (BD-JhCC)
040 ## - CATALOGING SOURCE
Original cataloging agency BD-JhCC
Modifying agency BD-JhCC
041 ## - LANGUAGE CODE
Language code of Book ben
082 ## - DEWEY DECIMAL CLASSIFICATION NUMBER
Classification number 341.03
Author mark and Year SID 1970
100 ## - MAIN ENTRY--PERSONAL NAME
Personal name সিদ্দিকী, ডক্টর আশরাফ
245 ## - TITLE STATEMENT
Title আন্তর্জাতিক আইন পরিভাষা-কোষ /
Statement of responsibility, etc ডক্টর আশরাফ সিদ্দিকী
260 ## - PUBLICATION, DISTRIBUTION, ETC. (IMPRINT)
Place of publication, distribution, etc ঢাকা:
Name of publisher, distributor, etc কেন্দ্রীয় বাঙলা উন্নয়ন বোর্ড
Date of publication, distribution, etc ১৯৭০
300 ## - PHYSICAL DESCRIPTION
Pagination 50 p.;
Dimensions 24 cm
650 ## - SUBJECT ADDED ENTRY--TOPICAL TERM
Topical term or geographic name as entry element Terminology of International Law
942 ## - ADDED ENTRY ELEMENTS (KOHA)
Source of classification or shelving scheme Dewey Decimal Classification
Koha item type Books
Holdings
Source of classification or shelving scheme Damaged status Not for loan Home library Current library Shelving location Date of accession Cost, normal purchase price Total Checkouts Full call number Barcode Date last seen Copy number Koha item type
Dewey Decimal Classification     JCC Rouf Library JCC Rouf Library General Stacks 11/22/2017 2.00   341.03 SID 1970 5478 11/22/2017 C-1 Books

JCC Library | Contacts | JCC Home

Last Update on 23 September 2017
Copyright @ 2017-2020 JCC Rouf Library
Rouf Library, Jhenidah Cadet College (JCC), Bangladesh